Statistics for UEFA Team of the Year 2014

Click here to take the quiz!

General Stats

  • This quiz has been taken 74 times
  • The average score is 11 of 11

Answer Stats

PositionNationalityClubAnswer% Correct
STArgentinaLionel MessiLionel Messi
100%
GKGermanyBayern MunichManuel Neuer
100%
LMPortugalReal MadridCristiano Ronaldo
98%
STSwedenPSGZlatan Ibrahimović
98%
RMNetherlandsBayern MunichArjen Robben
97%
CMGermanyBayern Munich / Real MadridToni Kroos
97%
LBAustriaBayern MunichDavid Alaba
95%
CBSpainReal MadirdSergio Ramos
95%
CMArgentinaReal Madrid / Manchester UnitedÁngel Di María
94%
RBGermanyBayern MunichPhilipp Lahm
90%
CBUruguayAtlético MadridDiego Godín
87%

Score Distribution

Percentile by Number Answered

Percent of People with Each Score

Your Score History

You have not taken this quiz